000 00333 a2200109 4500
001 ART_11176
005 20260410161855.0
008 260409a
245 1 0 _aAmérica Latina y la crisis financiera internacional
100 1 _aOrtiz Mena, Antonio
773 0 _tRevista de Economía
_g- Nº 36 (mar. 1983)
_wREV11077
999 _c25373
_d25373